PSYCHOLOGICAL RESEARCH IN MENTAL HEALTH AND NEUROSCIENCE (Record no. 15093)

MARC details
000 -LEADER
fixed length control field 00290nam a22001217a 4500
003 - CONTROL NUMBER IDENTIFIER
control field SGT
082 ## - DEWEY DECIMAL CLASSIFICATION NUMBER
Classification number 616.89
Item number P07S
100 ## - MAIN ENTRY--PERSONAL NAME
Personal name SHAH, ANISHA
245 ## - TITLE STATEMENT
Title PSYCHOLOGICAL RESEARCH IN MENTAL HEALTH AND NEUROSCIENCE
260 ## - PUBLICATION, DISTRIBUTION, ETC. (IMPRINT)
Place of publication, distribution, etc INDIA
Name of publisher, distributor, etc NIMHANS
Year of Publication 2007
300 ## - PAGE DESCRIPTION
No. of Pages 401
942 ## - ADDED ENTRY ELEMENTS (KOHA)
Source of classification or shelving scheme Dewey Decimal Classification
Koha item type Books
942 ## - ADDED ENTRY ELEMENTS (KOHA)
-- 2
Holdings
Withdrawn status Lost status Source of classification or shelving scheme Damaged status Not for loan Collection code Home library Current library Shelving location Date acquired Vendor Name Cost, normal purchase price SGTU Bill Number Total Checkouts Full call number Accession No. (Barcode) Date last seen Date last borrowed Bill Date Koha item type
    Dewey Decimal Classification   Not For Loan MEDICAL SGT Medical Library SGT Medical Library Text Book 05/02/2018 ABC 300.00 SGTU 9072 1 616.89 P07S FM10496 26/02/2019 23/04/2018 06/12/2017 Books
    Dewey Decimal Classification   Not For Loan MEDICAL SGT Medical Library SGT Medical Library Text Book 05/02/2018 ABC 300.00 SGTU 9072   616.89 P07S FM10497 05/02/2018   06/12/2017 Books
    Dewey Decimal Classification   Not For Loan MEDICAL SGT Medical Library SGT Medical Library Text Book 05/02/2018 ABC 300.00 SGTU 9072 1 616.89 P07S FM10498 12/08/2019 31/07/2019 06/12/2017 Books
    Dewey Decimal Classification   Not For Loan MEDICAL SGT Medical Library SGT Medical Library Text Book 05/02/2018 ABC 300.00 SGTU 9072 1 616.89 P07S FM10499 17/09/2024 17/09/2024 06/12/2017 Books
    Dewey Decimal Classification   Not For Loan MEDICAL SGT Medical Library SGT Medical Library Text Book 05/02/2018 ABC 300.00 SGTU 9072 1 616.89 P07S FM10500 13/04/2024 02/04/2024 06/12/2017 Books